| 000 | 00376nam a2200145Ia 4500 | ||
|---|---|---|---|
| 008 | 231129s1982||||xx |||||||||||||| ||spa|| | ||
| 020 | _a84-85609-67-0 | ||
| 040 | _bspa | ||
| 082 | _a616.692 L864e | ||
| 100 | _aLopez Ibor J.J. | ||
| 245 | 0 | _aEsterilidad y fecundacion | |
| 260 | _c1982 | ||
| 264 | _aEdiciones UVE | ||
| 942 |
_2ddc _cBKS |
||
| 999 |
_c13551 _d13551 |
||